№ 6 (174); Минеральные ресурсы России. Экономика и управление

Bibliografiset tiedot
Parent link:Минеральные ресурсы России. Экономика и управление: научно-технический журнал/ Министерство природных ресурсов и экологии Российской Федерации ; Российское геологическое общество ; Росгеология, Открытое Акционерное Общество. № 6 (174).— , 1993-2017, 2020-.— 0869-3188
Yhteenveto:Режим доступа: по договору с организацией-держателем ресурса
Kieli:venäjä
Julkaistu: 2020
Linkit:https://www.elibrary.ru/contents.asp?id=44877735
Aineistotyyppi: Elektroninen Kirja
KOHA link:https://koha.lib.tpu.ru/cgi-bin/koha/opac-detail.pl?biblionumber=586304

MARC

LEADER 00000nam2a2200000 4500
001 586304
005 20231101131355.0
035 |a (RuTPU)RU\TPU\prd\288826 
035 |a RU\TPU\prd\288825 
090 |a 586304 
100 |a 20210427a19919999km y0rusy50 ca 
101 0 |a rus 
102 |a RU 
200 0 |a № 6 (174) 
210 |d 2020 
333 |a Режим доступа: по договору с организацией-держателем ресурса 
461 1 |0 (RuTPU)RU\TPU\prd\1705  |x 0869-3188  |t Минеральные ресурсы России. Экономика и управление  |o научно-технический журнал  |f Министерство природных ресурсов и экологии Российской Федерации ; Российское геологическое общество ; Росгеология, Открытое Акционерное Общество  |v № 6 (174)  |d 1993-2017, 2020- 
801 0 |a RU  |b 63413507  |c 20010227  |g PSBO 
801 1 |a RU  |b 63413507  |c 20170619 
801 2 |a RU  |b 63413507  |c 20210427  |g RCR 
856 4 0 |u https://www.elibrary.ru/contents.asp?id=44877735 
942 |c BK